Statistics for Premier League Players By Letter - V

Click here to take the quiz!

General Stats

  • This quiz has been taken 218 times
  • The average score is 7 of 10

Answer Stats

First NameSurnameClub% Correct
JamieVardyLeicester City
94%
Virgilvan DijkSouthampton
89%
AntonioValenciaManchester United
85%
EnnerValenciaWest Ham
85%
JanVertonghenTottenham Hotspur
78%
VictorValdesManchester United
77%
MichelVormTottenham Hotspur
55%
Patrickvan AanholtSunderland
38%
JordanVeretoutAston Villa
26%
Marcovan GinkelStoke City
24%

Score Distribution

Percentile by Number Answered

Percent of People with Each Score

Your Score History

You have not taken this quiz